LEADER 01406nam a2200337 u 4500 001 000000058105 003 CaOOAMICUS 005 20070226120645.0 008 010525s2000 it u000 u ita u 020 $a8817173282 035 $a10890416 040 $aPUL$bita 041 1 $aita$hara 100 0 $aGhazzali,$d1058-1111.$0(OLS)http://pul/name/73039 240 10$aJawâhir Al-Qur'ân.$lItaliano.$0(OLS)http://pul/title/77817 245 13$aLe perle del Corano /$cAl-Ghazâlî ; introduzione, traduzione e note di Massimo Campanini. 260 $aMilano :$bBiblioteca Universale Rizzoli,$c2000. 300 $a203 p. ;$c21 cm 490 1 $aClassici della BUR 500 $a"Testo arabo a fronte". 700 1 $aCampanini, Massimo.$0(OLS)http://pul/name/25427 830 0$aClassici della BUR.$0(OLS)http://pul/title/31827 850 $aPUL 852 $aPUL$W1$xDP2 Religione 3$y114$m297. 1 ALGHA 1$j175803$nBK-PRI$b $qDDC 21$B75934$CPULBib$Z2$F75934 $H84919 $81 900 $aAl Gazzali, Abu Hamid Muhammad ibn Muhammad al-Tusi$d1058-1111$973039 900 $aGazali,$d1058-1111$973039 941 1 $a9 961 $aPrecedente Collocazione: Teo 51 996 $6020$a8817173282$9(OLS)http://pul/number/73576 996 $6245$aLe perle del Corano$9(OLS)http://pul/title/77818 996 $6260$aMilano :$bBiblioteca Universale Rizzoli$9(OLS)http://pul/publisher/61121 LEADER 01692nam a2200361 a 4500 001 000000165904 003 CaOOAMICUS 005 20180213115714.0 008 180213s2017 it u000 u ita r 020 $a978-88-311-3394-4* 032 $aLibriCat 040 $aPUL$bita 082 04$a230 100 1 $aCuri, Maria Benedetta.$0(OLS)http://pul/name/106936 245 10$aPensare dall'unità :$bFranz Rosenzweig e Klaus Hemmerle /$cMaria Benedetta Curi ; presentazione di Piero Coda ; prefazione di Adriano Fabris ; postfazione di Bernhard Casper. 260 $aRoma :$bCittà Nuova,$c©2017. 300 $a403 p. ;$c21 cm. 490 1 $aCollana di teologia ;$v89 504 $aBibliografia in nota. 600 14$aRosenzweig, Franz,$d1886-1929$xFilosofia.$0(OLS)http://pul/subject/36997 600 14$aHemmerle, Klaus,$cvesc. di Aachen,$d1929-1994.$0(OLS)http://pul/subject/26688 700 1 $aFabris, Adriano,$d1958-$0(OLS)http://pul/name/39937 700 1 $aCasper, Bernhard,$csacerdote,$d1931-2022.$0(OLS)http://pul/name/32243 700 1 $aCoda, Piero,$csacerdote,$d1955-$0(OLS)http://pul/name/12631 830 0$aCollana di teologia ;$v89.$0(OLS)http://pul/title/18581 850 $aPUL 852 $aPUL$W1$xSL Religione 3$y85$m230 COLL 8.89$j190386$qDDC 21$B193285$CPULBib$Z2$F193285 $H130289 $81 941 1 $a9 996 $6020$a978-88-311-3394-4*$9(OLS)http://pul/number/163490 996 $6082$a230$9(OLS)http://pul/classification/368 996 $6245$aPensare dall'unità :$bFranz Rosenzweig e Klaus Hemmerle$9(OLS)http://pul/title/205616 996 $6260$aRoma :$bCittà Nuova$9(OLS)http://pul/publisher/47927